Представление документа в формате RUSMARC

ПолеНазваниеЗначение
  Тип записи a
  Библиографический уровень m
001 Контрольный номер RU/IS/BASE/541613397
005 Дата корректировки 20201206205040.0
010 Индекс ISBN __
a ISBN 978-5-9916-3788-6 (в пер.)
d Цена 490-00
100 Данные общей обработки __
a Данные общей обработки 19170228d2015||||||| 1rusy0189 ca
101 Язык документа 0_
a Язык текста rus
102 Страна публикации __
a Страна публикации ru|
105 Кодированные данные (монография) __
a Кодированные данные (монография) #|||#|||000zy
200 Заглавие и сведения об ответственности 1_
a Заглавие Семьеведение
e Сведения, относящиеся к заглавию учебник для академического бакалавриата : учебник для студентов высших учебных заведений, обучающихся по гуманитарным специальностям
f Первые сведения об ответственности [С. А. Анисимова и др.] ; под редакцией О. Г. Прохоровой, Е. И. Холостовой
b Общее обозначение материала Текст
205 Сведения об издании __
a Основные сведения об издании 2-е изд., перераб. и доп.
210 Выходные данные __
a Место издания Москва
c Издательство Юрайт
d Дата издания 2015
215 Физическое описание __
a Объем 379 с.
c Иллюстрации/тип воспроизводства табл.
d Формат 21 см
225 Серия __
a Серия Бакалавр
i Наименование части Академический курс
300 Общие примечания __
a Общие примечания 500 экз.
300 Общие примечания __
a Общие примечания На тит. л.: Книга доступна в электронной библиотечной системе biblio-online.ru
320 Библиография __
a Библиография Библиогр. в конце гл. и в подстроч. примеч.
330 Аннотация __
a Аннотация В учебнике рассмотрены все основные подходы к изучению проблематики семьи, форм семейных и детско-родительских отношений; даны ответы на вопросы демографии, репродуктивного здоровья, организации семейного быта и досуга; приведен зарубежный опыт социальной защиты семьи; описаны практические формы организации работы с семьей.
606 Тематические рубрики __
a Основная рубрика Социология
606 Тематические рубрики __
a Основная рубрика Социология семьи, родства, брака
606 Тематические рубрики __
a Основная рубрика Психология
606 Тематические рубрики __
a Основная рубрика Социальная психология
610 Ключевые слова __
a Ключевые слова брак
a Ключевые слова брачно-семейные отношения
a Ключевые слова взаимоотношения в семье
a Ключевые слова демографическая политика
a Ключевые слова духовно-нравственное воспитание
a Ключевые слова замещающие семьи
a Ключевые слова зарубежный опыт
a Ключевые слова защита детей
a Ключевые слова защита детства
a Ключевые слова культурно-духовные традиции
a Ключевые слова межпоколенческие конфликты
a Ключевые слова межпоколенческие отношения
a Ключевые слова межпоколенческие связи
a Ключевые слова правовое регулирование
a Ключевые слова психологический климат
a Ключевые слова развитие семьи
a Ключевые слова репродуктивное здоровье
a Ключевые слова репродуктивное поведение
a Ключевые слова семейная политика
a Ключевые слова семейное воспитание
a Ключевые слова семейные взаимоотношения
a Ключевые слова семейные ценности
a Ключевые слова семьеведение
a Ключевые слова семьи
a Ключевые слова социальная адаптация
a Ключевые слова социальная защита
a Ключевые слова социальная защита детей
a Ключевые слова социальная защита семьи
a Ключевые слова социальная помощь
a Ключевые слова социальная работа
a Ключевые слова социальное обслуживание
a Ключевые слова социальные проблемы
a Ключевые слова социальные услуги
a Ключевые слова социология семьи
a Ключевые слова супружеская совместимость
a Ключевые слова супружеские отношения
a Ключевые слова супружеские пары
a Ключевые слова супружеское общение
a Ключевые слова типы семей
a Ключевые слова удовлетворенность браком
686 Индексы других классификаций __
2 Код системы rubbks
a Классификационный индекс 60.561.5я73
686 Индексы других классификаций __
2 Код системы rubbks
a Классификационный индекс 88.576я73
700 Автор _1
a Фамилия Анисимова
b Имя С. А.
g Полное личное имя Светлана Александровна
4 Код отношения 070
701 Альтернативная интеллектуальная ответственность _1
a Фамилия Вдовина
b Имя М. В.
g Полное личное имя Маргарита Владимировна
4 Код отношения 070
701 Альтернативная интеллектуальная ответственность _1
a Фамилия Климантова
b Имя Г. И.
g Полное личное имя Галина Ивановна
4 Код отношения 070
701 Альтернативная интеллектуальная ответственность _1
a Фамилия Кононова
b Имя Л. И.
g Полное личное имя Людмила Ивановна
4 Код отношения 070
701 Альтернативная интеллектуальная ответственность _1
a Фамилия Кононова
b Имя А. П.
g Полное личное имя Анна Петровна
4 Код отношения 070
701 Альтернативная интеллектуальная ответственность _1
a Фамилия Рыжухина
b Имя И. Ю.
g Полное личное имя Ирина Юрьевна
4 Код отношения 070
701 Альтернативная интеллектуальная ответственность _1
a Фамилия Стрельникова
b Имя Н. Н.
g Полное личное имя Нина Никитична
4 Код отношения 070
701 Альтернативная интеллектуальная ответственность _1
a Фамилия Черняк
b Имя Е. М.
g Полное личное имя Евгения Михайловна
4 Код отношения 070
701 Альтернативная интеллектуальная ответственность _1
a Фамилия Шинина
b Имя Т. В.
g Полное личное имя Татьяна Валерьевна
4 Код отношения 070
702 Вторичная интеллектуальная ответственность _1
a Фамилия Прохорова
b Имя О. Г.
4 Код отношения Редактор
g Полное личное имя Оксана Германовна
4 Код отношения 070
4 Код отношения 340
702 Вторичная интеллектуальная ответственность _1
a Фамилия Холостова
b Имя Е. И.
4 Код отношения Редактор
g Полное личное имя Евдокия Ивановна
4 Код отношения 070
4 Код отношения 340
801 Источник записи _0
a Страна ru
b Организация Муниципальное бюджетное учреждение культуры "Централизованная библиотечная система" г. Сургут (Центральная городская библиотека им. А. С. Пушкина)
c Дата составления 20170228
g Правила каталогизации КиК/Лукашук
801 Источник записи _1
a Страна ru
b Организация Муниципальное бюджетное учреждение культуры "Централизованная библиотечная система" г. Сургут (Центральная городская библиотека им. А. С. Пушкина)
c Дата составления 20170228
g Правила каталогизации КиК/Лукашук
852 Данные о местонахождении __
j Шифр хранения 60.561.5я73
i Авторский знак С 30
901 Тип документа __
t Тип документа m
903 Характеристики (МАРС) __
a Дата передачи 20170228
969 Тип издания __
a Тип издания учебник
990 Данные о заказе (DOS) __
j Количество экземпляров (DOS) 5
t N записи в КСУ для И/У (DOS) 201703